[Event "ESP-chT CECLUB Div2 Gp1"]
[Site "Padron"]
[Date "2012.08.09"]
[Round "2.2"]
[White "Dziuba, Marcin"]
[Black "Fernandez Losada, Daniel"]
[Result "1-0"]
[WhiteElo "2581"]
[BlackElo "2170"]
[PlyCount "57"]
[EventDate "2012.08.08"]
[EventType "team-swiss"]
[EventRounds "6"]
[EventCountry "ESP"]
[SourceTitle "CBM 149 Extra"]
[Source "ChessBase"]
[SourceDate "2012.08.24"]
[SourceVersion "1"]
[SourceVersionDate "2012.08.24"]
[SourceQuality "1"]
[WhiteTeam "Circulo de las Artes"]
[BlackTeam "Compostela"]
[WhiteTeamCountry "ESP"]
[BlackTeamCountry "ESP"]

1. d4 Nf6 2. c4 g6 3. Nc3 d5 4. Bf4 Bg7 5. e3 0-0 6. Rc1 c6 7. Nf3 Qa5 8. Bd3 Nbd7 9. 0-0 a6 10. cxd5 Nxd5 11. Nxd5 Qxd5 12. Bc7 c5 13. e4 Qh5 14. Be2 cxd4 15. e5 Qg4 16. Nxd4 Qf4 17. g3 Qh6 18. f4 Nb8 19. h4 Bh3 20. Rf2 f6 21. Qb3+ Kh8 22. e6 f5 23. Qxb7 Bxd4 24. Qxa8 g5 25. Qd5 Bxf2+ 26. Kxf2 gxh4 27. Bxb8 hxg3+ 28. Ke3 Kg8 29. Be5 1-0

[Event "ESP-ch"]
[Site "El Sauzal"]
[Date "2010.09.05"]
[Round "2"]
[White "Fernandez Losada, Daniel"]
[Black "Vega Gutierrez, Sabrina Neide"]
[Result "0-1"]
[WhiteElo "2126"]
[BlackElo "2368"]
[PlyCount "68"]
[EventDate "2010.09.04"]
[EventType "swiss"]
[EventRounds "9"]
[EventCountry "ESP"]
[SourceTitle "CBM 138 Extra"]
[Source "ChessBase"]
[SourceDate "2010.10.29"]
[SourceVersion "1"]
[SourceVersionDate "2010.10.29"]
[SourceQuality "1"]

1. e4 c5 2. Nf3 Nc6 3. d4 cxd4 4. Nxd4 Nf6 5. Nc3 e5 6. Ndb5 d6 7. Bg5 a6 8. Na3 b5 9. Bxf6 gxf6 10. Nd5 Bg7 11. c3 f5 12. exf5 Bxf5 13. Nc2 0-0 14. Nce3 Be6 15. Bd3 f5 16. 0-0 Kh8 17. a4 b4 18. cxb4 Nd4 19. f4 a5 20. Rc1 e4 21. Bb5 axb4 22. Rc7 Rf7 23. Qc1 Rxa4 24. Rxf7 Bxf7 25. Qc4 Ra5 26. Ba6 Rc5 27. Qxb4 Bxd5 28. Rd1 Nc6 29. Qb7 Be6 30. b4 Rc3 31. Bb5 Nxb4 32. Ra1 Bd4 33. Ra8 Bxe3+ 34. Kf1 Rc8 0-1

[Event "ESP-ch Universities"]
[Site "Madrid"]
[Date "2008.05.08"]
[Round "3"]
[White "Marti Mascaro, Juan"]
[Black "Fernandez Losada, Daniel"]
[Result "0-1"]
[WhiteElo "2016"]
[BlackElo "2173"]
[PlyCount "44"]
[EventDate "2008.05.08"]
[EventType "swiss"]
[EventRounds "9"]
[EventCountry "ESP"]
[SourceTitle "CBM 124 Extra"]
[Source "ChessBase"]
[SourceDate "2008.07.03"]
[SourceVersion "1"]
[SourceVersionDate "2008.07.03"]
[SourceQuality "1"]

1. d4 Nf6 2. Nf3 g6 3. Bg5 Bg7 4. e3 0-0 5. Bd3 c5 6. c3 Nc6 7. Nbd2 d5 8. 0-0 Re8 9. Rc1 e5 10. dxe5 Nxe5 11. Nxe5 Rxe5 12. Nf3 Re8 13. Bb5 Bd7 14. Qa4 Re4 15. c4 Be6 16. Qc2 Bf5 17. cxd5 Rg4 18. Bd3 Qxd5 19. Bxf5 gxf5 20. Bf4 Qxf3 21. g3 b5 22. h3 Rg6 0-1

[Event "Cambados op 23rd"]
[Site "Cambados"]
[Date "2007.08.04"]
[Round "3"]
[White "Fernandez Losada, Daniel"]
[Black "Galard Agustin, Tomas E"]
[Result "1-0"]
[WhiteElo "2158"]
[BlackElo "1925"]
[PlyCount "56"]
[EventDate "2007.08.02"]
[EventType "swiss"]
[EventRounds "9"]
[EventCountry "ESP"]
[SourceTitle "CBM 119 Extra"]
[Source "ChessBase"]
[SourceDate "2007.09.04"]
[SourceVersion "1"]
[SourceVersionDate "2007.09.04"]
[SourceQuality "1"]

1. e4 e6 2. d4 d5 3. Nc3 Nf6 4. Bg5 Be7 5. e5 Nfd7 6. h4 h6 7. Bxe7 Qxe7 8. f4 a6 9. Nf3 c5 10. Qd2 cxd4 11. Nxd4 Nc6 12. 0-0-0 Nxd4 13. Qxd4 Qc5 14. Qd2 b5 15. Rh3 Bb7 16. Ne4 Qb6 17. Nd6+ Ke7 18. Qb4 Qc5 19. Qxc5 Nxc5 20. b4 Ne4 21. Nxb7 Nf2 22. Rc3 Nxd1 23. Rc7+ Ke8 24. Kxd1 Rf8 25. a4 bxa4 26. b5 a5 27. b6 Rh8 28. Nd6+ Kf8 1-0

[Event "ESP-chT Autonomicas"]
[Site "Padron"]
[Date "2006.10.07"]
[Round "5.1"]
[White "Lacasa Diaz, Jose Antonio"]
[Black "Fernandez Losada, Daniel"]
[Result "0-1"]
[WhiteElo "2410"]
[BlackElo "2145"]
[PlyCount "84"]
[EventDate "2006.10.05"]
[EventType "team-swiss"]
[EventRounds "6"]
[EventCountry "ESP"]
[SourceTitle "EXT 2018"]
[Source "ChessBase"]
[SourceDate "2017.10.13"]
[SourceVersion "1"]
[SourceVersionDate "2017.10.13"]
[SourceQuality "1"]
[WhiteTeam "Catalunya"]
[BlackTeam "Galicia II"]
[WhiteTeamCountry "ESP"]
[BlackTeamCountry "ESP"]

1. e4 c5 2. Nf3 e6 3. d4 cxd4 4. Nxd4 Bc5 5. Nb3 Bb6 6. Nc3 Ne7 7. Bd3 Nbc6 8. 0-0 0-0 9. Qe2 f5 10. Be3 f4 11. Bxb6 Qxb6 12. Qh5 Ng6 13. Qc5 Qd8 14. f3 Nce5 15. Nd2 Qg5 16. Qf2 Nh4 17. Kh1 Rf6 18. Rg1 Qh5 19. Nc4 Nf5 20. h3 Ng3+ 21. Kh2 Nf7 22. Ne2 Nxe2 23. Bxe2 d5 24. Nd2 Ng5 25. Bf1 e5 26. Rh1 Rg6 27. exd5 e4 28. fxe4 f3 29. Nxf3 Bxh3 30. Nh4 Rf8 31. Be2 Bg4 32. Bxg4 Qxg4 33. Nf5 Qxe4 34. Raf1 Rgf6 35. Qg3 Rxf5 36. Rxf5 Rxf5 37. Re1 Qxc2 38. Re8+ Kf7 39. Qb8 Kg6 40. Qg3 Kh5 41. Re3 Qc1 42. Qb8 Qxe3 0-1

[Event "ESP-chT Autonomicas"]
[Site "Padron"]
[Date "2006.10.07"]
[Round "4.4"]
[White "Vega Gomez, Francisco Borja"]
[Black "Fernandez Losada, Daniel"]
[Result "0-1"]
[WhiteElo "2125"]
[BlackElo "2145"]
[PlyCount "126"]
[EventDate "2006.10.05"]
[EventType "team-swiss"]
[EventRounds "6"]
[EventCountry "ESP"]
[SourceTitle "EXT 2018"]
[Source "ChessBase"]
[SourceDate "2017.10.13"]
[SourceVersion "1"]
[SourceVersionDate "2017.10.13"]
[SourceQuality "1"]
[WhiteTeam "Galicia III"]
[BlackTeam "Galicia II"]
[WhiteTeamCountry "ESP"]
[BlackTeamCountry "ESP"]

1. Nf3 Nf6 2. g3 g6 3. Bg2 Bg7 4. d4 d5 5. c4 0-0 6. Nc3 c6 7. cxd5 Nxd5 8. 0-0 Bg4 9. Nxd5 cxd5 10. Ne5 Be6 11. Bf4 Qb6 12. Qd2 Na6 13. Rfc1 Rac8 14. h4 Nc7 15. a4 Na6 16. a5 Qb4 17. Rc3 f6 18. Nd3 Qb5 19. Raa3 Rxc3 20. bxc3 Bf7 21. Bh3 Re8 22. Qb2 Qxb2 23. Nxb2 e5 24. Be3 exd4 25. cxd4 f5 26. Nd3 Nb8 27. Nb4 Rc8 28. Bg2 Nc6 29. Nxd5 Rd8 30. Nf4 Nxd4 31. Bxb7 Bf8 32. Ra4 Nb5 33. Ba6 Rd1+ 34. Kg2 Nc3 35. Rd4 Ra1 36. Rd8 Rxa5 37. Bxa7 Ne4 38. f3 Rxa6 39. fxe4 Rxa7 40. exf5 gxf5 41. Rd2 Kg7 42. Rc2 Kf6 43. Rc6+ Ke5 44. Nd3+ Ke4 45. Kf2 Bd5 46. Rf6 Bg7 47. Rd6 Bd4+ 48. Kg2 Ra2 49. Nf4 Ba8 50. Re6+ Be5 51. Re8 Kd4+ 52. Kf2 Be4 53. Rd8+ Kc4 54. Rc8+ Kb3 55. Ke3 Bd6 56. Nh5 Kb4 57. Nf6 Ra3+ 58. Kd4 Bb7 59. Nd5+ Kb5 60. Nc3+ Kb6 61. Rg8 Bc5+ 62. Kd3 Bb4 63. Rf8 Bxf8 0-1

[Event "Mondariz op 4th"]
[Site "Mondariz"]
[Date "2006.08.26"]
[Round "5.9"]
[White "Fernandez Losada, Daniel"]
[Black "Cacheiro Martinez, Martin"]
[Result "1-0"]
[WhiteElo "2142"]
[BlackElo "1993"]
[PlyCount "43"]
[EventDate "2006.08.22"]
[EventType "swiss"]
[EventRounds "9"]
[EventCountry "ESP"]
[SourceTitle "EXT 2007"]
[Source "ChessBase"]
[SourceDate "2006.11.23"]
[SourceVersion "1"]
[SourceVersionDate "2006.11.23"]
[SourceQuality "1"]

1. e4 c6 2. d4 d5 3. Nd2 dxe4 4. Nxe4 Bf5 5. Ng3 Bg6 6. h4 h6 7. Nh3 e6 8. Nf4 Bh7 9. Bc4 Nf6 10. Qe2 Nd5 11. Bxd5 cxd5 12. 0-0 Be7 13. Qg4 g5 14. Nfh5 Nc6 15. f4 Qb6 16. Ng7+ Kf8 17. c3 Kxg7 18. fxg5 Rhg8 19. Qh5 Raf8 20. Rf6 Qd8 21. Qxh6+ Kh8 22. Qxh7+ 1-0

[Event "ESP-ch U16"]
[Site "Mondariz"]
[Date "2005.07.14"]
[Round "6"]
[White "Torres Tellez, Jonathan"]
[Black "Fernandez Losada, Daniel"]
[Result "0-1"]
[WhiteElo "2017"]
[BlackElo "2108"]
[PlyCount "89"]
[EventDate "2005.07.11"]
[EventType "swiss"]
[EventRounds "8"]
[EventCountry "ESP"]
[SourceTitle "CBM 107 Extra"]
[Source "ChessBase"]
[SourceDate "2005.09.01"]
[SourceVersion "1"]
[SourceVersionDate "2005.09.01"]
[SourceQuality "1"]

1. e4 c5 2. Nf3 Nc6 3. d4 cxd4 4. Nxd4 Nf6 5. Nc3 e5 6. Ndb5 d6 7. Bg5 a6 8. Na3 b5 9. Bxf6 gxf6 10. Nd5 Bg7 11. Bd3 0-0 12. c3 f5 13. 0-0 fxe4 14. Bxe4 f5 15. Nf6+ Rxf6 16. Bxc6 Ra7 17. Bd5+ Kh8 18. Nc2 Rh6 19. Re1 Qh4 20. h3 Rg6 21. Kf1 e4 22. Qe2 Be5 23. f3 Rag7 24. Ne3 h5 25. Red1 f4 26. Bxe4 Rg5 27. Ng4 hxg4 28. fxg4 Be6 29. Qf2 Qh6 30. Bf3 Rh7 31. a4 bxa4 32. Be4 Rf7 33. Bf3 Rg8 34. Rd2 Qf6 35. Rxa4 Rc7 36. Be4 Rb8 37. Ra1 Kg7 38. Bd5 Bd7 39. Bf3 Rc5 40. h4 Rcb5 41. Rxa6 Kf8 42. Ra7 Be6 43. Ra1 d5 44. Ra6 d4 45. c4 0-1

[Event "ESP-ch U16"]
[Site "Mondariz"]
[Date "2005.07.13"]
[Round "4"]
[White "Trigo Urquijo, Sergio"]
[Black "Fernandez Losada, Daniel"]
[Result "1/2-1/2"]
[WhiteElo "2045"]
[BlackElo "2108"]
[PlyCount "72"]
[EventDate "2005.07.11"]
[EventType "swiss"]
[EventRounds "8"]
[EventCountry "ESP"]
[SourceTitle "CBM 107 Extra"]
[Source "ChessBase"]
[SourceDate "2005.09.01"]
[SourceVersion "1"]
[SourceVersionDate "2005.09.01"]
[SourceQuality "1"]

1. e4 c5 2. Nc3 Nc6 3. g3 g6 4. Bg2 Bg7 5. d3 e6 6. f4 Nge7 7. Nf3 0-0 8. Be3 Nd4 9. 0-0 d6 10. e5 Nef5 11. Bf2 Nxf3+ 12. Qxf3 Nd4 13. Qd1 dxe5 14. fxe5 Bxe5 15. Ne4 Rb8 16. c3 Nc6 17. Bxc5 Re8 18. d4 Bg7 19. Nd6 Re7 20. Nxc8 Rxc8 21. Bxe7 Nxe7 22. Qf3 Nf5 23. Qxb7 Bh6 24. g4 Nd6 25. Qf3 Qb6 26. Qe2 Nc4 27. Kh1 Nd2 28. d5 Nxf1 29. Rxf1 Qd6 30. dxe6 Qxe6 31. Qxe6 fxe6 32. Re1 Rd8 33. Bf3 Kf7 34. Rd1 Rxd1+ 35. Bxd1 Bc1 36. b3 Kf6 1/2-1/2

[Event "ESP-ch U16"]
[Site "Mondariz"]
[Date "2005.07.11"]
[Round "1"]
[White "Fernandez Losada, Daniel"]
[Black "Porras Dalmau, Daniel"]
[Result "1-0"]
[WhiteElo "2108"]
[BlackElo "1906"]
[PlyCount "47"]
[EventDate "2005.07.11"]
[EventType "swiss"]
[EventRounds "8"]
[EventCountry "ESP"]
[SourceTitle "CBM 107 Extra"]
[Source "ChessBase"]
[SourceDate "2005.09.01"]
[SourceVersion "1"]
[SourceVersionDate "2005.09.01"]
[SourceQuality "1"]

1. e4 e6 2. d4 d5 3. Nc3 Nf6 4. e5 Nfd7 5. Qh5 c5 6. Nf3 cxd4 7. Nxd4 g6 8. Qg4 Nc6 9. Bb5 Qc7 10. 0-0 Nxd4 11. Qxd4 a6 12. Bxd7+ Bxd7 13. Nxd5 exd5 14. e6 Rg8 15. exd7+ Qxd7 16. Bg5 Qc6 17. Rfe1+ Kd7 18. c4 Bc5 19. Qf4 f6 20. cxd5 Qb6 21. Re6 Qxb2 22. Bxf6 Raf8 23. Rc1 b6 24. Re7+ 1-0

[Event "ESP-ch U14"]
[Site "Mondariz"]
[Date "2003.06.27"]
[Round "5"]
[White "Fernandez Losada, Daniel"]
[Black "Larino Nieto, David"]
[Result "0-1"]
[WhiteElo "1994"]
[BlackElo "2171"]
[PlyCount "80"]
[EventDate "2003.06.26"]
[EventType "swiss"]
[EventRounds "8"]
[EventCountry "ESP"]
[SourceTitle "EXT 2004"]
[Source "ChessBase"]
[SourceDate "2003.11.25"]
[SourceVersion "1"]
[SourceVersionDate "2003.11.25"]
[SourceQuality "1"]

1. d4 e6 2. g3 d5 3. Bg2 Nf6 4. Bg5 Be7 5. Nf3 0-0 6. 0-0 h6 7. Bxf6 Bxf6 8. Nbd2 c5 9. c3 cxd4 10. cxd4 Nc6 11. Nb3 b6 12. Re1 Bb7 13. e3 Qd6 14. Nc1 e5 15. dxe5 Nxe5 16. Nd4 Rfd8 17. Nce2 Rac8 18. Nf4 g6 19. h4 Bg7 20. h5 g5 21. Nfe2 Qf6 22. Qb1 Rc5 23. b4 Rc4 24. Nf5 Bf8 25. a3 Bc8 26. Ned4 Nc6 27. Bf1 Nxd4 28. Nxd4 Rc7 29. Qd3 Bd7 30. Bg2 Bg4 31. Rac1 Rxc1 32. Rxc1 Bxh5 33. Rc6 Qg7 34. Rc7 Bg6 35. Qb5 h5 36. Bxd5 h4 37. Kg2 Bd6 38. Ne6 h3+ 39. Kh2 Qf6 40. Rc2 Bxc2 0-1

[Event "ESP-ch U14"]
[Site "Mondariz"]
[Date "2003.06.25"]
[Round "3"]
[White "Fernandez Losada, Daniel"]
[Black "Llorente Zaro, Alfonso"]
[Result "1-0"]
[WhiteElo "1994"]
[BlackElo "2224"]
[PlyCount "59"]
[EventDate "2003.06.26"]
[EventType "swiss"]
[EventRounds "8"]
[EventCountry "ESP"]
[SourceTitle "EXT 2004"]
[Source "ChessBase"]
[SourceDate "2003.11.25"]
[SourceVersion "1"]
[SourceVersionDate "2003.11.25"]
[SourceQuality "1"]

1. e4 e5 2. Nf3 Nc6 3. Bc4 Bc5 4. c3 Nf6 5. d3 a6 6. Bb3 0-0 7. 0-0 d6 8. Nbd2 Ba7 9. h3 Ne7 10. Re1 c6 11. Nf1 h6 12. Nh4 Be6 13. Ng3 Qd7 14. Qf3 Nh7 15. Nhf5 Nxf5 16. exf5 Bxb3 17. axb3 Qd8 18. Nh5 Kh8 19. Ra4 Rg8 20. Rg4 g6 21. Ree4 d5 22. Rb4 gxh5 23. Rxg8+ Qxg8 24. Qxh5 b5 25. Rg4 Nf6 26. Qxh6+ Nh7 27. Rxg8+ Rxg8 28. h4 f6 29. Qh5 Rf8 30. Kf1 1-0

[Event "Galicia-ch Absoluto"]
[Site "Mondariz"]
[Date "2003.04.19"]
[Round "8.8"]
[White "Rodriguez Fernandez, Juan Carlos"]
[Black "Fernandez Losada, Daniel"]
[Result "0-1"]
[WhiteElo "2133"]
[BlackElo "1994"]
[PlyCount "34"]
[EventDate "2003.04.12"]
[EventType "swiss"]
[EventRounds "9"]
[EventCountry "ESP"]
[SourceTitle "EXT 2004"]
[Source "ChessBase"]
[SourceDate "2003.11.25"]
[SourceVersion "1"]
[SourceVersionDate "2003.11.25"]
[SourceQuality "1"]

1. e4 c5 2. Nf3 e6 3. d4 cxd4 4. Nxd4 Bc5 5. Nb3 Bb6 6. Nc3 Ne7 7. Bc4 0-0 8. 0-0 Nbc6 9. Bf4 f5 10. Bd6 Bc7 11. Re1 Bxd6 12. Qxd6 fxe4 13. Rad1 Qb6 14. Nc5 Qxb2 15. N3xe4 Nf5 16. Na4 Nxd6 17. Nxb2 Nxe4 0-1

[Event "Burgas op 11th"]
[Site "Orense"]
[Date "2002.07.13"]
[Round "8.16"]
[White "Fernandez Losada, Daniel"]
[Black "Salgado Lopez, Ivan"]
[Result "1/2-1/2"]
[WhiteElo "2003"]
[BlackElo "2163"]
[PlyCount "66"]
[EventDate "2002.07.06"]
[EventType "swiss"]
[EventRounds "9"]
[EventCountry "ESP"]
[SourceTitle "CBM 089 Extra"]
[Source "ChessBase"]
[SourceDate "2002.09.10"]
[SourceVersion "2"]
[SourceVersionDate "2002.09.10"]
[SourceQuality "1"]

1. e4 g6 2. d4 d6 3. c3 c6 4. Nf3 d5 5. exd5 cxd5 6. Bd3 Nf6 7. 0-0 Bg7 8. Bf4 Bf5 9. Bxf5 gxf5 10. Qd3 e6 11. Ne5 Nbd7 12. Re1 0-0 13. Nd2 Nh5 14. Qf3 Nxf4 15. Qxf4 Nxe5 16. dxe5 h6 17. Nf3 Rc8 18. Nd4 Qg5 19. Qxg5 hxg5 20. Rac1 a6 21. f3 Rc4 22. a3 Rfc8 23. Rcd1 Bf8 24. Re2 Bc5 25. g3 b5 26. Kf1 Bxd4 27. Rxd4 Rxd4 28. cxd4 Rc1+ 29. Kf2 a5 30. Rd2 Kf8 31. Ke2 Ke7 32. Kd3 Rf1 33. Ke2 Rc1 1/2-1/2

[Event "Burgas op 11th"]
[Site "Orense"]
[Date "2002.07.11"]
[Round "6.24"]
[White "Fernandez Losada, Daniel"]
[Black "Barbosa Fernandez, Juan Carlos"]
[Result "1-0"]
[WhiteElo "2003"]
[BlackElo "2117"]
[PlyCount "67"]
[EventDate "2002.07.06"]
[EventType "swiss"]
[EventRounds "9"]
[EventCountry "ESP"]
[SourceTitle "CBM 089 Extra"]
[Source "ChessBase"]
[SourceDate "2002.09.10"]
[SourceVersion "2"]
[SourceVersionDate "2002.09.10"]
[SourceQuality "1"]

1. e4 c5 2. Nf3 a6 3. c4 g6 4. d4 Bg7 5. Nc3 cxd4 6. Nxd4 d6 7. Be3 Nf6 8. Be2 0-0 9. 0-0 Nbd7 10. Qd2 Nc5 11. f3 Qc7 12. Rac1 Rd8 13. Bg5 Ne6 14. Bxf6 Bxf6 15. Nc2 Qb6+ 16. Ne3 Nf4 17. Kh1 Be6 18. g3 Nxe2 19. Qxe2 Bxc3 20. Rxc3 Rd7 21. f4 Bh3 22. Rd1 h5 23. Nd5 Qa7 24. Qd2 f5 25. c5 Rad8 26. cxd6 Rxd6 27. Rd3 Kf7 28. e5 R6d7 29. e6+ Kxe6 30. Nc7+ Kf7 31. Rxd7 Rxd7 32. Qxd7 Qf2 33. Qe6+ Kg7 34. Qxe7+ 1-0